Quizzes
Events
Quiz Creation
Community
Videos
Private Events
Remove Ads
Sign In
Join for FREE
Feedback
Dark Mode
Quiz Categories
Sports
Geography
Music
Movies
Television
Just For Fun
Miscellaneous
History
Literature
Language
Science
Gaming
Entertainment
Religion
Holiday
For Kids
Quiz Lab
Recent
Popular Today
Quiz Kudos Today
Editor Picks
Curator Picks
Quizzes by...
Day
Popularity
Type
Ratings
Length
Year
Community
Subscriptions
Recent Discussions
Orange Saloon
Badges
Playlists
Quests
Create
Leaderboards
Showdown
Live 5
Trivia Bingo
Activity
Puzzle Library
Sporcle Events
Private Events
Virtual Trivia
Globe League
Become a Host
Pub Owners
SporcleCon
Opinionation
Our Games
Videos
Blog
Mobile Apps
Partnerships
Remove Ads and Go Orange
Feedback
Sports
Athletes
MLB
NBA
NHL
NFL
Soccer
Sports Teams
WWE
NCAA
Football
Premier League
Basketball
Baseball
Hockey
Golf
Tennis
Cricket
Rugby
Auto Racing
Olympics
World Cup
Sports
Athletes
MLB
NBA
NHL
NFL
Soccer
Sports Teams
WWE
NCAA
Football
Premier League
Basketball
Baseball
Hockey
Golf
Tennis
Cricket
Rugby
Auto Racing
Olympics
World Cup
Random Quiz
Search Sporcle
×
Quiz Lab
Quiz Lab
Sports
Football
Type in answers that appear in a list
Type in answers that appear in a list
Classic
Best Score? Go Orange.
NFL QBs Drafted in the 2nd Round Stats
Can you name the NFL QBs Drafted in the 2nd Round?
By
Glass9
13m
60 Questions
152 Plays
152 Plays
152 Plays
Comments
Comments
Give Quiz Kudos
Give Quiz Kudos
-
- Ratings
hide this ad
Replay
Link that replays current quiz
Next Quiz
Link to next quiz in quiz playlist
You Got
0%
They Got
Avg Score
26%
Avg Friend Score
Upgrade to see
Score Distribution
Jump to the score distribution portion of the page
Score
0/60
Timer
13:00
0
Plays Today
Team
Quarterback
% Correct
Cincinnati Bengals
Andy Dalton
100%
New York Jets
Geno Smith
100%
Oakland Raiders
Derek Carr
100%
Cleveland Browns
DeShone Kizer
100%
Denver Broncos
Drew Lock
100%
Philadelphia Eagles
Jalen Hurts
100%
Tampa Bay Buccaneers
Kyle Trask
100%
Tennessee Titans
Will Levis
100%
Carolina Panthers
Jimmy Clausen
88.8%
Miami Dolphins
Chad Henne
85.5%
Minnesota Vikings
Tarvaris Jackson
85.5%
Miami Dolphins
Pat White
84.9%
Philadelphia Eagles
Kevin Kolb
82.2%
San Diego Chargers
Drew Brees
80.3%
Green Bay Packers
Brian Brohm
74.3%
Pittsburgh Steelers
Kordell Stewart
69.1%
Arizona Cardinals
Jake Plummer
67.1%
Detroit Lions
Drew Stanton
65.1%
Atlanta Falcons
Brett Favre
64.5%
New York Jets
Kellen Clemens
63.8%
Miami Dolphins
John Beck
61.8%
Dallas Cowboys
Quincy Carter
60.5%
Tampa Bay Buccaneers
Shaun King
50.7%
Philadelphia Eagles
Randall Cunningham
50%
Cincinnati Bengals
Boomer Esiason
46.7%
Detroit Lions
Charlie Batch
41.4%
Oakland Raiders
Ken Stabler
41.4%
Buffalo Bills
Todd Collins
36.8%
Oakland Raiders
Marques Tuiasosopo
30.3%
St. Louis Rams
Tony Banks
29.6%
Team
Quarterback
% Correct
St. Louis Cardinals
Neil Lomax
28.9%
New York Jets
Browning Nagle
21.1%
Indianapolis Colts
Jack Trudeau
17.1%
San Diego Chargers
Billy Joe Tolliver
13.8%
Los Angeles Rams
Ron Jaworski
13.8%
Chicago Bears
Bobby Douglass
13.8%
Houston Oilers
Oliver Luck
12.5%
Houston Oilers
Bob Davis
9.2%
Los Angeles Rams
Gary Beban
8.6%
Pittsburgh Steelers
Terry Hanratty
7.9%
Kansas City Chiefs
Mike Livingston
7.2%
San Francisco 49ers
Colin Kaepernick
6.8%
Phoenix Cardinals
Tony Sacca
5.9%
Kansas City Chiefs
Matt Blundin
5.9%
Atlanta Falcons
Pat Sullivan
5.9%
Kansas City Chiefs
Mike Elkins
5.3%
Buffalo Bills
Dennis Shaw
4.6%
New England Patriots
Matt Cavanaugh
3.9%
Pittsburgh Steelers
Mike Kruczek
2.6%
New York Jets
Al Woodall
2.6%
Buffalo Bills
Mike Kofler
2%
Miami Dolphins
Guy Benjamin
2%
Dallas Cowboys
Glenn Carano
2%
St. Louis Cardinals
Gary Keithley
2%
Chicago Bears
Gary Huff
2%
Minnesota Vikings
Bill Cappleman
2%
Oakland Raiders
Jeb Blount
1.3%
Denver Broncos
Brock Osweiler
0%
New England Patriots
Jimmy Garoppolo
0%
New York Jets
Christian Hackenberg
0%
Quiz Playlist
Details
Report
Send in Message
Add To Playlist
Classic:
Type in answers that appear in a list
Last Updated: Jan 8, 2024
Quiz Scoreboard
CHALLENGE
Sign Up to Join the Scoreboard
Show All
Scores
Hide
Comments
May contain spoilers
Recently Published
Popular People in 1961
by mucciniale
History
6m
1-10 Letter E Words III
by El_Dandy
Language
2m
One Thing in Common: World Cities II
by knightlancer
Geography
7m
More to Explore
Quiz From the Vault
Featured Blog Post
Where Did the Easter Bunny Come From?
hide this ad
You Might Also Like...
Tags
Football Quiz
NFL Quiz
2nd
Draft
Quarterbacks
round
team
Today's Top Quizzes in Sports
Browse Sports
hide this ad
Today's Top Quizzes in Football
Browse Football
Top Contributed Quizzes in Sports
1
Les meilleurs buteurs des matchs entre le PSG et l’OM
2
Les entraîneurs de l'OM et du PSG au 21e siècle
3
FIFA Club World Cup Champions
4
2022 World Cup Stars
5
Name the Premier League winners with different clubs
6
La finale Lions - Afrique du Sud 2021
7
Criteria MLB: Left Handed Sluggers
8
Players with Multiple 50 Home Run Seasons
9
MLB Players with Two .350 Batting Average Seasons
10
MLB Hall of Famer by Rings
Explore More
Trending Topics
NBA
Disney
Kpop
Harry Potter
Crossword
Marvel
Anime
Song
Soccer
Pokémon
Puzzle
Country
The Office
NFL
WWE
hide this ad
More By:
Glass9
Quiz
Plays
Rating
Category
Featured
Created
AFC Starting QBs of the 2010s
16,746
4.94
Sports
Jan 19, 2021
NFC Starting QBs of the 2000s
11,579
4.02
Sports
Sep 25, 2010
NBA All-Time Point Leaders not in the Hall of Fame
5,869
4.64
Sports
Jul 28, 2013
NFC Starting QBs of the 2010s
3,789
5.00
Sports
Jan 19, 2021
NFL QBs Drafted in the 1st Round
3,183
3.94
Sports
Nov 8, 2010
Go to Creator's Profile
Score Distribution
Quiz Creator Spotlight
Glass9
Follow
Send a Message
Quizzes Created
-
Created Quiz Play Count
-
More By This Creator
Popular Quizzes Today
1
Find the US States - No Outlines Minefield
2
Find the Countries of Europe - No Outlines Minefield
3
The Countries of the World
4
Popular People in 1961
5
1-10 Letter E Words III
6
Find the US States
7
US States
8
One Thing in Common: World Cities II
More Sports Quizzes
'Moneyball' Players
Published
Trending Quizzes
Risky Map Clicking: Least Populous States A-Z
1-10 Letter F Words
1-10 Letter G Words
One Thing in Common: United Kingdom
Risky Map Clicking: Next State Alphabetically
Recently Updated
Leaping Animals
pecheneg
Reality TV Shows (A-Z)
bhenderson79
Rickey Henderson's Hall of Fame Teammates
pecheneg
Champions League XIs: Arsenal
pecheneg
Quick Pick: Celebrities in WWE's Hall of Fame
aduchscher
A-Z Keypad Blitz II
pecheneg
Multiple Oscar Actors
pecheneg
Mystery Phrase Blitz: Oscar 'Best Actors'
pecheneg
F. Scott Fitzgerald Novels
LTH
Pick 3 Villains
ddd62291
Trending Topics
Marvel
Kpop
Anime
NBA
Crossword
Disney
Harry Potter
NFL
WWE
The Office
Soccer
Pokémon
Puzzle
Song
Country
Your Account Isn't Verified!
In order to create a playlist on Sporcle, you need to verify the email address you used during registration. Go to your
Sporcle Settings
to finish the process.
Report this User
Report this user for behavior that violates our
Community Guidelines
.
Details:
Send Report
Go to the Sporcle.com Mobile Site →
Comments